|
|
|
|
| LEADER |
00000nam0a2200000 4500 |
| 001 |
104095 |
| 005 |
20231031113846.0 |
| 010 |
|
|
|a 5699143572
|
| 035 |
|
|
|a (RuTPU)RU\TPU\book\112207
|
| 090 |
|
|
|a 104095
|
| 100 |
|
|
|a 20061026d2005 m y0rusy50 ca
|
| 101 |
0 |
|
|a rus
|
| 102 |
|
|
|a RU
|
| 105 |
|
|
|a y z 000ay
|
| 200 |
1 |
|
|a Секс на уровне пользователя
|e роман
|f М. Вольская
|
| 210 |
|
|
|a Москва
|c Эксмо
|d 2005
|
| 215 |
|
|
|a 320 с.
|
| 225 |
1 |
|
|a Офи$ный роман
|
| 330 |
|
|
|a Егор — настоящий сердцеед, а проще говоря — бабник! Но почти все женщины консалтинговой фирмы без ума от него: секретарша планирует стать женой Егора, замужняя Катя мечтает возобновить их тайный роман, супруга генерального директора... Как раз из-за нее вышла неувязочка — их любовная связь явилась причиной грандиозной ссоры и ухода Егора из фирмы. Теперь он вздумал вернуться, в основном чтобы... пристроить на работу Наденьку — женщину, с которой он недавно познакомился. И, кажется, влюбился намертво. Это добавило ему много новых проблем. Ведь прежние пассии Егора до сих пор не угомонились и имеют на него виды...
|
| 610 |
1 |
|
|a русская литература
|
| 610 |
1 |
|
|a романы
|
| 610 |
1 |
|
|a любовь
|
| 675 |
|
|
|a Р2
|v 3
|
| 700 |
|
1 |
|a Вольская
|b М.
|g Марина
|
| 801 |
|
1 |
|a RU
|b 63413507
|c 20061026
|g PSBO
|
| 801 |
|
2 |
|a RU
|b 63413507
|c 20061101
|g PSBO
|
| 942 |
|
|
|c BK
|